Statistiques concernant Départements Aléatoires par Frontières

Cliquez ici pour prendre le quiz!

Statistiques générales

  • Ce quiz a été pris 4 558 fois
  • Le résultat moyen est 13 sur 20

Statistiques - réponses

FrontièresDépartements% Correct
Haute-CorseCorse-du-Sud
81%
Corse-du-SudHaute-Corse
81%
Finistère | Ille-et-Vilaine | MorbihanCôtes-d'Armor
79%
Côtes-d'Armor | MorbihanFinistère
79%
Ain | SavoieHaute-Savoie
79%
Aisne | Somme | Pas-de-CalaisNord
79%
Nord | SommePas-de-Calais
79%
Gard | Var | VaucluseBouches-du-Rhône
78%
Bas-Rhin | Meurthe-et-MoselleMoselle
74%
Côtes-d'Armor | Finistère | Ille-et-Vilaine | Loire-AtlantiqueMorbihan
73%
Bas-Rhin | Territoire de Belfort | VosgesHaut-Rhin
72%
Eure | Manche | OrneCalvados
71%
Ariège | AudePyrénées-Orientales
71%
Hauts-de-Seine | Paris | Seine-et-Marne | Val-d'Oise | Val-de-MarneSeine-Saint-Denis
71%
Hauts-de-Seine | Seine-Saint-Denis | Val-de-MarneParis
70%
Alpes-de-Haute-Provence | VarAlpes-Maritimes
68%
Côtes-d'Armor | Loire-Atlantique | Maine-et-Loire | Manche | Mayenne | MorbihanIlle-et-Vilaine
68%
Ille-et-Vilaine | Maine-et-Loire | Morbihan | VendéeLoire-Atlantique
68%
Alpes-de-Haute-Provence | Ardèche | Bouches-du-Rhône | Drôme | Gard | VarVaucluse
68%
Jura | Haute-Saône | Territoire de BelfortDoubs
67%
Charente-Maritime | Dordogne | Landes | Lot-et-GaronneGironde
67%
Bas-Rhin | Meuse | Moselle | VosgesMeurthe-et-Moselle
67%
Aisne | Nord | Oise | Pas-de-Calais | Seine-MaritimeSomme
67%
Essonne | Hauts-de-Seine | Paris | Seine-et-Marne | Seine-Saint-DenisVal-de-Marne
67%
Aude | Aveyron | Gard | TarnHérault
66%
Ain | Haute-Savoie | Hautes-Alpes | IsèreSavoie
66%
Alpes-de-Haute-Provence | Alpes-Maritimes | Bouches-du-Rhône | VaucluseVar
66%
Charente-Maritime | Loire-Atlantique | Deux-Sèvres | Maine-et-LoireVendée
66%
Ille-et-Vilaine | Maine-et-Loire | Manche | Orne | SartheMayenne
65%
Gers | Hautes-Pyrénées | LandesPyrénées-Atlantiques
65%
Bas-Rhin | Haut-Rhin | Haute-Marne | Haute-Saône | Meurthe-et-Moselle | Meuse | Territoire de BelfortVosges
65%
Haut-Rhin | Meurthe-et-Moselle | Moselle | VosgesBas-Rhin
64%
Charente-Maritime | Deux-Sèvres | Dordogne | Haute-Vienne | VienneCharente
64%
Charente | Deux-Sèvres | Dordogne | Gironde | VendéeCharente-Maritime
64%
Charente | Corrèze | Creuse | Dordogne | Indre | VienneHaute-Vienne
64%
Ardennes | Marne | Nord | Oise | Seine-et-Marne | SommeAisne
63%
Gers | Gironde | Lot-et-Garonne | Pyrénées-AtlantiquesLandes
63%
Eure | Oise | SommeSeine-Maritime
63%
Aude | Aveyron | Haute-Garonne | Hérault | Tarn-et-GaronneTarn
63%
Alpes-de-Haute-Provence | Drôme | Isère | SavoieHautes-Alpes
62%
Ain | Isère | Loire | Saône-et-LoireRhône (et métropole de Lyon)
62%
Doubs | Haut-Rhin | Haute-Saône | VosgesTerritoire de Belfort
62%
Aude | Haute-Garonne | Pyrénées-OrientalesAriège
61%
Haute-Garonne | Hautes-Pyrénées | Landes | Lot-et-Garonne | Pyrénées-Atlantiques | Tarn-et-GaronneGers
61%
Deux-Sèvres | Ille-et-Vilaine | Indre-et-Loire | Loire-Atlantique | Mayenne | Sarthe | Vendée | VienneMaine-et-Loire
61%
Calvados | Ille-et-Vilaine | Mayenne | OrneManche
61%
Ain | Allier | Côte-d'Or | Jura | Loire | Nièvre | RhôneSaône-et-Loire
61%
Alpes-Maritimes | Drôme | Hautes-Alpes | Var | VaucluseAlpes-de-Haute-
Provence
60%
Essonne | Paris | Seine-Saint-Denis | Val-d'Oise | Val-de-Marne | YvelinesHauts-de-Seine
60%
Ain | Ardèche | Drôme | Hautes-Alpes | Loire | Rhône | SavoieIsère
60%
Aveyron | Gers | Haute-Garonne | Lot | Lot-et-Garonne | TarnTarn-et-Garonne
60%
Haute-Savoie | Isère | Jura | Rhône | Saône-et-Loire | SavoieAin
59%
Aisne | Marne | MeuseArdennes
59%
Cantal | Gard | Hérault | Lot | Lozère | Tarn | Tarn-et-GaronneAveyron
59%
Charente | Charente-Maritime | Maine-et-Loire | Vendée | VienneDeux-Sèvres
59%
Charente | Charente-Maritime | Corrèze | Gironde | Haute-Vienne | Lot | Lot-et-GaronneDordogne
59%
Calvados | Eure-et-Loir | Oise | Orne | Seine-Maritime | Val-d'Oise | YvelinesEure
59%
Ardèche | Aveyron | Bouches-du-Rhône | Hérault | Lozère | VaucluseGard
59%
Calvados | Eure | Eure-et-Loir | Manche | Mayenne | SartheOrne
59%
Averyon | Corrèze | Haute-Loire | Lot | Lozère | Puy-de-DômeCantal
58%
Ariège | Aude | Gers | Hautes-Pyrénées | Tarn | Tarn-et-GaronneHaute-Garonne
58%
Aveyron | Cantal | Corrèze | Dordogne | Lot-et-Garonne | Tarn-et-GaronneLot
58%
Allier | Cantal | Corrèze | Creuse | Haute-Loire | LoirePuy-de-Dôme
58%
Charente | Deux-Sèvres | Haute-Vienne | Indre | Indre-et-Loire | Maine-et-LoireVienne
58%
Alpes-de-Haute-Provence | Ardèche | Hautes-Alpes | Isère | VaucluseDrôme
57%
Dordogne | Gers | Gironde | Landes | Lot | Tarn-et-GaronneLot-et-Garonne
57%
Aisne | Eure | Seine-et-Marne | Seine-Maritime | Somme | Val-d'OiseOise
57%
Aisne | Aube | Essonne | Loiret | Marne | Oise | Seine-Saint-Denis | Val-d'Oise | Val-de-Marne | YonneSeine-et-Marne
57%
Essonne | Eure | Eure-et-Loir | Hauts-de-Seine | Val-d'OiseYvelines
57%
Essonne | Eure | Loir-et-Cher | Loiret | Orne | Sarthe | YvelinesEure-et-Loir
56%
Ardèche | Cantal | Loire | Lozère | Puy-de-DômeHaute-Loire
56%
Ain | Côte-d'Or | Doubs | Haute-Saône | Saône-et-LoireJura
56%
Cher | Eure-et-Loir | Indre | Indre-et-Loire | Loiret | SartheLoir-et-Cher
56%
Aube | Côte-d'Or | Loiret | Nièvre | Seine-et-MarneYonne
56%
Drôme | Gard | Haute-Loire | Isère | Loire | Lozère | VaucluseArdèche
55%
Eure-et-Loir | Hauts-de-Seine | Loiret | Seine-et-Marne | Val-de-Marne | YvelinesEssonne
55%
Indre | Loir-et-Cher | Maine-et-Loire | Sarthe | VienneIndre-et-Loire
55%
Aube | Jura | Haute-Marne | Haute-Saône | Nièvre | Saône-et-Loire | YonneCôte-d'Or
54%
Allier | Cher | Corrèze | Haute-Vienne | Indre | Puy-de-DômeCreuse
54%
Allier | Ardèche | Isère | Haute-Loire | Puy-de-Dôme | Rhône | Saône-et-LoireLoire
54%
Aisne | Ardennes | Aube | Haute-Marne | Meuse | Seine-et-MarneMarne
54%
Ardennes | Haute-Marne | Marne | Meurthe-et-Moselle | VosgesMeuse
54%
Eure-et-Loir | Indre-et-Loire | Loir-et-Cher | Maine-et-Loire | Mayenne | OrneSarthe
54%
Allier | Cher | Côte-d'Or | Loiret | Saône-et-Loire | YonneNièvre
53%
Cher | Essonne | Eure-et-Loir | Loir-et-Cher | Nièvre | Seine-et-Marne | YonneLoiret
52%
Eure | Hauts-de-Seine | Oise | Seine-et-Marne | Seine-Saint-Denis | YvelinesVal-d'Oise
52%
Ariège | Haute-Garonne | Hérault | Pyrénées-Orientales | TarnAude
51%
Côte-d'Or | Doubs | Haute-Marne | Jura | Territoire de Belfort | VosgesHaute-Saône
51%
Aube | Côte-d'Or | Haute-Saône | Marne | Meuse | VosgesHaute-Marne
49%
Gers | Haute-Garonne | Pyrénées-AtlantiquesHautes-Pyrénées
49%
Ardèche | Aveyron | Cantal | Gard | Haute-LoireLozère
49%
Cantal | Creuse | Dordogne | Haute-Vienne | Lot | Puy-de-DômeCorrèze
48%
Cher | Creuse | Loire | Nièvre | Puy-de-Dôme | Saône-et-LoireAllier
47%
Cher | Creuse | Haute-Vienne | Indre-et-Loire | Loir-et-Cher | VienneIndre
45%
Allier | Creuse | Indre | Loir-et-Cher | Loiret | NièvreCher
44%
Côte-d'Or | Haute-Marne | Marne | Seine-et-Marne | YonneAube
43%

Distribution des résultats

Percentile par nombre de réponses

% des personnes avec chaque résultat

Votre développement - résultats

Vous n’avez pas pris ce quiz